| 000 | 00794nam a22002777a 4500 | ||
|---|---|---|---|
| 001 | BR8802499 | ||
| 003 | BR-BrBNA | ||
| 005 | 20230928092910.0 | ||
| 007 | ta | ||
| 008 | 230509b bl.||||| |||| 00| 0 por d | ||
| 040 |
_aBR-BrBNA _bpor _cBiblioteca Nacional de Agricultura |
||
| 041 | _a(Por) | ||
| 072 |
_aF01 _b2480 |
||
| 090 | _ 2480 BR8802499 | ||
| 100 | 1 | _aSantos, A.G. | |
| 110 | 1 |
_aSuperintendencia da Borracha, Itabuna, BA (Brasil) _910021 |
|
| 245 | 1 | _aSistema organizacional, fiscalizacao e controle de sangria em seringal de cultivo | |
| 260 | 3 |
_aItabuna, BA (Brasil): _c1985. |
|
| 300 | _a140 p. | ||
| 500 | _a20 tables; Summary (Por) | ||
| 650 | _aSERINGUEIRA | ||
| 650 | _aSANGRIA | ||
| 650 | _aADMINISTRACAO | ||
| 909 |
_a202309 _bLucia _c55 _dLucia Elande |
||
| 942 | _cBK | ||
| 999 |
_c41860 _d41860 |
||